000 00976nam a2200349Ia 4500
001 8453
003 IT-RoPAU
008 130308s9999 xx 000 0 und d
040 _aIT-RoPAU
040 _cIT-RoPAU
041 _aITALIANO
100 _aTruffaut Francois
100 _gCodice Aut. SPICS: 318
240 _aJULES ET JIM
240 _gCodice Tit. Orig. Spics: T1532
245 _aJules e Jim
245 _bJules e Jim
250 _a1a ed.
260 _aMILANO
260 _bLerici
260 _c1962 [1° Ed.:1962 - Ed.Ling.Originale:1962]
300 _a"176 p. (prefazione: no ; testo: 176)"
500 _aSceneggiatura del Film di Francois Truffaut Corrispondenza tra Truffaut e Henry Pierre Roche' Autore del Romanzo Omonimo
650 _aAUTORI/OPERE DEL CINEMA
650 _eCodice materia Spics: 6807
700 _aGruault Jean
700 _gCodice Aut. SPICS: 5761
942 _cBK
957 _71
999 _c71613
_d71613
999 _bSI
999 _g1